|
|
|
|
| LEADER |
01892nam a2200469 i 4500 |
| 001 |
EBC4702748 |
| 003 |
MiAaPQ |
| 005 |
20200520144314.0 |
| 006 |
m o d | |
| 007 |
cr cnu|||||||| |
| 008 |
161012t20062006enk o 001 0 eng d |
| 020 |
|
|
|z 9780195161441
|
| 020 |
|
|
|a 9780195347616
|q (electronic bk.)
|
| 035 |
|
|
|a (MiAaPQ)EBC4702748
|
| 035 |
|
|
|a (Au-PeEL)EBL4702748
|
| 035 |
|
|
|a (CaPaEBR)ebr11273713
|
| 035 |
|
|
|a (CaONFJC)MIL53269
|
| 035 |
|
|
|a (OCoLC)62288142
|
| 040 |
|
|
|a MiAaPQ
|b eng
|e rda
|e pn
|c MiAaPQ
|d MiAaPQ
|
| 050 |
|
4 |
|a HD41
|b .S773 2006
|
| 082 |
0 |
|
|a 658.4/012
|2 22
|
| 245 |
0 |
0 |
|a Strategy as action :
|b competitive dynamics and competitive advantage /
|c edited by Curtis M. Grimm, Hun Lee, Ken G. Smith.
|
| 264 |
|
1 |
|a Oxford, [England] :
|b Oxford University Press,
|c 2006.
|
| 264 |
|
4 |
|c 2006
|
| 300 |
|
|
|a 1 online resource (289 pages).
|
| 336 |
|
|
|a text
|2 rdacontent
|
| 337 |
|
|
|a computer
|2 rdamedia
|
| 338 |
|
|
|a online resource
|2 rdacarrier
|
| 490 |
1 |
|
|a Strategic Management Series
|
| 500 |
|
|
|a Includes index.
|
| 588 |
|
|
|a Description based on print version record.
|
| 590 |
|
|
|a Electronic reproduction. Ann Arbor, MI : ProQuest, 2016. Available via World Wide Web. Access may be limited to ProQuest affiliated libraries.
|
| 650 |
|
0 |
|a Competition.
|
| 650 |
|
0 |
|a Strategic planning.
|
| 655 |
|
4 |
|a Electronic books.
|
| 700 |
1 |
|
|a Grimm, Curtis M.,
|e editor.
|
| 700 |
1 |
|
|a Lee, Hun,
|d 1962-
|e editor.
|
| 700 |
1 |
|
|a Smith, Ken G.,
|e editor.
|
| 776 |
0 |
8 |
|i Print version:
|t Strategy as action : competitive dynamics and competitive advantage.
|d Oxford, [England] : Oxford University Press, c2006
|h x, 278 pages
|k Strategic management series.
|z 9780195161441
|w 2004010879
|
| 797 |
2 |
|
|a ProQuest (Firm)
|
| 830 |
|
0 |
|a Strategic management series.
|
| 856 |
4 |
0 |
|u https://ebookcentral.proquest.com/lib/matrademy/detail.action?docID=4702748
|z Click to View
|